Statistiques concernant Équivalence des villes de Hoenn avec celles de Kyushu

Cliquez ici pour prendre le quiz!

Statistiques générales

  • Ce quiz a été pris 15 fois
    (14 depuis la dernière actualisation)
  • Le résultat moyen est 14 sur 16

Statistiques - réponses

HintRéponse% Correct
MiyazakiCimetronelle
100%
(Île) AmamiÉternara
100%
KagoshimaNénucrique
100%
(Île) TanegashimaAlgatia
90%
ŌitaAutéquia
90%
Taku ou Takeo (probablement)Bourg-en-Vol
90%
FukuokaClémenti-Ville
90%
KumamotoLavandia
90%
KitakyushuMérouville
90%
(Îles) KoshikijimaPacifiville
90%
SagaRosyères
90%
Hita (probablement)Vermilava
90%
(Mont) YakushimaAtalanopolis
80%
NagasakiPoivressel
80%
Kurume (probablement)Vergazon
70%
(Île) TsushimaVillage Myokara
70%

Distribution des résultats

Percentile par nombre de réponses

% des personnes avec chaque résultat

Votre développement - résultats

Vous n’avez pas pris ce quiz depuis la dernière actualisation